SOLARIS (Record n. 104659)
[ formato base ]
| 000 -LEADER | |
|---|---|
| fixed length control field | 02138agaaa2200337 4500 |
| 001 - CONTROL NUMBER | |
| control field | 1603 |
| 003 - CONTROL NUMBER IDENTIFIER | |
| control field | IT-RoPAU |
| 005 - DATE AND TIME OF LATEST TRANSACTION | |
| control field | 20220918181223.0 |
| 007 - PHYSICAL DESCRIPTION FIXED FIELD--GENERAL INFORMATION | |
| fixed length control field | d cvaizq |
| 008 - FIXED-LENGTH DATA ELEMENTS--GENERAL INFORMATION | |
| fixed length control field | 50131s9999||||xx ||| | || ||und|| |
| 040 ## - CATALOGING SOURCE | |
| Original cataloging agency | IT-RoPAU |
| Transcribing agency | IT-RoPAU |
| 041 ## - LANGUAGE CODE | |
| Language code of text/sound track or separate title | ITALIANO |
| 100 ## - MAIN ENTRY--PERSONAL NAME | |
| Personal name | Tarkovskij Andrej |
| Miscellaneous information | Codice regista SPICS: 1652 |
| 9 (RLIN) | 36961 |
| 130 ## - MAIN ENTRY--UNIFORM TITLE | |
| Uniform title | SOLARIS |
| 9 (RLIN) | 36962 |
| 240 ## - UNIFORM TITLE | |
| Uniform title | SOLIJARIS |
| Miscellaneous information | T1248 |
| 245 ## - TITLE STATEMENT | |
| Title | SOLARIS |
| Statement of responsibility, etc. | Prodotto da: Torasov Vjaceslav -- Sceneggiatura: Tarkovskij Andrej Gorenstein F. -- Diretto da: Tarkovskij Andrej |
| Name of part/section of a work | SOLARIS (Rif. Codice opera principale : 21603) |
| 246 ## - VARYING FORM OF TITLE | |
| Title proper/short title | SOLIJARIS |
| 250 ## - EDITION STATEMENT | |
| Edition statement | Edizione Standard |
| 260 ## - PUBLICATION, DISTRIBUTION, ETC. (IMPRINT) | |
| Place of publication, distribution, etc. | (URSS) |
| Name of publisher, distributor, etc. | MOSFILM / Distribuzione: MASTER VIDEO |
| Date of manufacture | "1972 (1° ed.: 2002 ; Ed. Lingua Orig.: 1972)" |
| 300 ## - PHYSICAL DESCRIPTION | |
| Extent | VHS |
| Other physical details | sonoro, col. |
| Dimensions | 115 minuti |
| 508 ## - CREATION/PRODUCTION CREDITS NOTE | |
| Creation/production credits note | "Fotografia: Jusov Vadim; Montaggio: Fejghinova L.; Musica: Artemjev Eduard; Sceneggiatura: Tarkovskij Andrej Gorenstein F.; Scenografia: Romadin Mikhail; " |
| 511 ## - PARTICIPANT OR PERFORMER NOTE | |
| Participant or performer note | "Bondarciuk Natalia; Babionis Donatas; Jarvet Jurij; Solonicyn Anatolij; Grinko N." |
| 520 ## - SUMMARY, ETC. | |
| Summary, etc. | RAPPORTO SCIENZA-VITA UOMO-E-LA-CONQUISTA-DELLO-SPAZIO MORALE-E-PROGRESSO-TECNOLOGICO VALORE-DEL-PENSIERO-SCIENTIFICO PRIMATO-DELL'AMORE-SUL-SAPERE QUESTO-FILM-HA-RICEVUTO-IL-GRAN-PREMIO-DELLA-GIURIA-AL-FESTIVAL-DI-CANNES-1972 KRIS-KELVIN-INCARICATO-DI-DISTRUGGERE-SOLARIS-UNA-STAZIONE-SPAZIALE-DOVE-AVVENGONO-ESPERIMENTI-PRODIGIOSI-ASSISTE-ALLA-RIGENERAZIONE-DI-ESSERI-UMANI-DEFUNTI SONO-COPIE-DI-PERSONE-GIA'-ESISTITE-MA-LA-LORO-MATERIALIZZAZIONE-MEDIANTE-NEUTRONI-HA-TOLTO-LORO-LA-CAPACITA'-DI-AMARE-E-SOFFRIRE KRIS-RIVIVE-COME-IN-UN-SOGNO-E-NEL-RICORDO-NOSTALGICO-LE-ESPERIENZE-TRASCORSE-SULLA-TERRA-ALLA-QUALE-RITORNA-DOPO-LA-TERRIBILE-ESPERIENZA-SU-SOLARIS |
| 538 ## - SYSTEM DETAILS NOTE | |
| System details note | PAL, STEREO |
| 546 ## - LANGUAGE NOTE | |
| Language note | ITALIANO |
| 650 ## - SUBJECT ADDED ENTRY--TOPICAL TERM | |
| Topical term or geographic name as entry element | FANTASCIENZA |
| Relator term | FILMS [VHS] |
| General subdivision | Codice MATERIA SPICS: 9960 |
| 9 (RLIN) | 36963 |
| 700 ## - ADDED ENTRY--PERSONAL NAME | |
| Personal name | Artemjev Eduard |
| Relator term | (musica) |
| Miscellaneous information | Codice Musica SPICS: 22987 |
| 9 (RLIN) | 36964 |
| 700 ## - ADDED ENTRY--PERSONAL NAME | |
| Personal name | Lem Stanislaw |
| Relator term | (soggetto) |
| Miscellaneous information | Codice Soggetto SPICS: 20101 |
| 9 (RLIN) | 36965 |
| 700 ## - ADDED ENTRY--PERSONAL NAME | |
| Personal name | Tarkovskij Andrej |
| Relator term | (regista) |
| Miscellaneous information | Codice regista SPICS: 1652 |
| 9 (RLIN) | 36966 |
| 942 ## - ADDED ENTRY ELEMENTS (KOHA) | |
| Koha item type | VHS - VIDEO |
| Source of classification or shelving scheme | Dewey Decimal Classification |
| Withdrawn status | Lost status | Damaged status | Not for loan | Home library | Current library | Date acquired | Total Checkouts | Full call number | Date last seen | Price effective from | Koha item type | Public note |
|---|---|---|---|---|---|---|---|---|---|---|---|---|
| Buone Condizioni | Not For Loan | SPICS-MEDIATECA | SPICS-MEDIATECA | 31/01/2015 | 21603 | 31/01/2015 | 31/01/2015 | VHS - VIDEO | Progr. Ins.: 1399 / N.Vol.:1 / Copie: 2 / Pag.:0 / Copia rara: n.d. / date import: 1.2.2015 / By Epidotti, Trombetti, Vaglietti |